| 000 | 01009nam0a22003011 4500 | ||
|---|---|---|---|
| 001 | v19\rc\1695658 | ||
| 005 | 20250619025058.0 | ||
| 035 | _a(NLR Aleph) 004798571 | ||
| 090 |
_a4804755 _c4804755 |
||
| 100 | _a20061002d1897 |||y0rusy50 ca | ||
| 101 | 0 | _arus | |
| 102 | _aRU | ||
| 105 | _aa z ||||| | ||
| 200 | 1 |
_aО применимости кишечного шва по методу v. Frey'я у домашних животных _eДис. на степ. магистра вет. наук Н.Э. Тейх |
|
| 210 |
_aЮрьев _cтип. Шнакенбург _d1897 |
||
| 215 |
_a63 с., 1 л. ил. _d25 |
||
| 320 | _aБиблиогр. в прим. | ||
| 700 | 1 |
_aТейх _bН.Э. _f1870- _gНиколай Эмильевич |
|
| 702 | 1 |
_aFrey _bvon _4570 |
|
| 801 | 0 |
_aRU _bNLR _gpsbo |
|
| 801 | 0 |
_aRU _bRuMoRGB _2psbo |
|
| 801 | 1 |
_aRU _bProSoft-M _2rusmarc |
|
| 852 |
_aNLR _j18.224.6.651 |
||
| 852 |
_aNLR _j132/2386 |
||
| 899 |
_aRuMoRGB _jF 103/158 |
||
| 899 | _aБАН | ||
| 942 | _cBOOK | ||
| 980 | _aNB | ||